Phương pháp nghiên cứu khoa học giáo dục tiểu học

Nghiên cứu các vấn đề tổng quan về khoa học giáo dục, các cách tiếp cận phương pháp khoa học giáo dục hiện nay, các giai đoạn tiến hành nghiên cứu một công trình khoa học giáo dục và giới thiệu một số đề cương nghiên cứu đề tài trong lĩnh vực giáo dục tiểu học...

Full description

Saved in:
Bibliographic Details
Main Author: Phó Đức Hòa
Format: Book
Language:Vietnamese
Published: H. Đại học Sư phạm 2009
Subjects:
Tags: Add Tag
No Tags, Be the first to tag this record!
Institutions: Mạng thư viện Đại học Đà Nẵng
LEADER 01616aam a22003618a 4500
001 000019685
003 16124
005 20140821150800.0
008 140721s2009 viesd
020 |c 21500đ  |d 1000b 
041 0 |a vie 
082 1 4 |2 14  |a 372.3  |b PH-H 
100 1 |a Phó Đức Hòa 
245 1 0 |a Phương pháp nghiên cứu khoa học giáo dục tiểu học  |c Phó Đức Hòa 
260 |a H.  |b Đại học Sư phạm  |c 2009 
300 |a 128 tr.  |b bảng  |c 24 cm. 
504 |a Thư mục: tr. 92, 128. - Phụ lục: tr. 93-127 
520 |a Nghiên cứu các vấn đề tổng quan về khoa học giáo dục, các cách tiếp cận phương pháp khoa học giáo dục hiện nay, các giai đoạn tiến hành nghiên cứu một công trình khoa học giáo dục và giới thiệu một số đề cương nghiên cứu đề tài trong lĩnh vực giáo dục tiểu học 
650 0 4 |2 Bộ TK TVQG  |a Khoa học  |x Phương pháp nghiên cứu  |x Giáo dục tiểu học 
650 7 |2 Bộ TK TVQG 
653 |a Phương pháp nghiên cứu 
653 |a Giáo dục iiểu học 
653 |a Nghiên cứu khoa học 
OWN |a LSP 
AVA |a UDN50  |b LSP  |d 372.3 PH-H  |e available  |t Error 5001 Not defined in file expand_doc_bib_avail.  |f 10  |g 2  |h N  |i 26  |k 1 
999 |a From the UDN01 
AVA |a UDN50  |b LSP  |d 372.3 PH-H  |e available  |t Error 5001 Not defined in file expand_doc_bib_avail.  |f 10  |g 2  |h N  |i 26  |k 1 
TYP |a Monograph 
TYP |a Printed language 
980 |a Mạng thư viện Đại học Đà Nẵng